[Event "SVK-chT2A 10/11"]
[Site "Slovakia"]
[Date "2011.02.06"]
[Round "7.3"]
[White "Arendas, Marek"]
[Black "Bebiak, Jozef"]
[Result "1-0"]
[WhiteElo "2089"]
[BlackElo "2106"]
[PlyCount "67"]
[EventDate "2010.10.23"]
[EventType "team-tourn"]
[EventRounds "11"]
[EventCountry "SVK"]
[SourceTitle "EXT 2019"]
[Source "ChessBase"]
[SourceDate "2018.10.10"]
[SourceVersion "1"]
[SourceVersionDate "2018.10.10"]
[SourceQuality "1"]
[WhiteTeam "Trnava Lokomotiva II"]
[BlackTeam "Dunajska Streda SK II"]
[WhiteTeamCountry "SVK"]
[BlackTeamCountry "SVK"]

1. e4 c5 2. Nf3 a6 3. d4 cxd4 4. Nxd4 Nf6 5. Bd3 e5 6. Nb3 Bb4+ 7. Bd2 Bxd2+ 8. Qxd2 d5 9. Nc3 d4 10. Ne2 0-0 11. f4 Re8 12. 0-0 Nc6 13. h3 exf4 14. Qxf4 Be6 15. Rad1 Bxb3 16. axb3 Qe7 17. Ng3 Qe5 18. Qh4 Ne7 19. Nf5 Ng6 20. Qf2 Rad8 21. Rde1 b5 22. Qd2 Qc7 23. Qg5 Re5 24. Qg3 Qb6 25. Qf2 Qc5 26. Nxg7 Rd6 27. Nf5 Rde6 28. Nxd4 Re7 29. b4 Qa7 30. Nc6 Qxf2+ 31. Rxf2 Rxe4 32. Nxe7+ Rxe7 33. Rxe7 Nxe7 34. Rxf6 1-0

[Event "SVK-chT3A2 0910"]
[Site "Slovakia"]
[Date "2010.02.14"]
[Round "8.2"]
[White "Diviak, Rastislav"]
[Black "Bebiak, Jozef"]
[Result "1/2-1/2"]
[WhiteElo "2043"]
[BlackElo "2130"]
[PlyCount "34"]
[EventDate "2009.10.18"]
[EventType "team-tourn"]
[EventRounds "11"]
[EventCountry "SVK"]
[SourceTitle "EXT 2011"]
[Source "ChessBase"]
[SourceDate "2010.11.26"]
[SourceVersion "1"]
[SourceVersionDate "2010.11.26"]
[SourceQuality "1"]
[WhiteTeam "Osuske II"]
[BlackTeam "Dunajska Streda SK III"]
[WhiteTeamCountry "SVK"]
[BlackTeamCountry "SVK"]

1. e4 c5 2. Nf3 d6 3. d4 cxd4 4. Nxd4 Nf6 5. Nc3 a6 6. Be2 e5 7. Nb3 Be7 8. 0-0 0-0 9. Be3 Be6 10. f4 exf4 11. Bxf4 d5 12. exd5 Nxd5 13. Nxd5 Bxd5 14. Bf3 Qb6+ 15. Qd4 Qxd4+ 16. Nxd4 Bxf3 17. Nxf3 Nc6 1/2-1/2

[Event "SVK-chT2A 0809"]
[Site "Slovakia"]
[Date "2009.03.01"]
[Round "11.8"]
[White "Czucz, Andrej"]
[Black "Bebiak, Jozef"]
[Result "0-1"]
[WhiteElo "2004"]
[BlackElo "2101"]
[PlyCount "38"]
[EventDate "2008.10.11"]
[EventType "team-tourn"]
[EventRounds "11"]
[EventCountry "SVK"]
[SourceTitle "EXT 2010"]
[Source "ChessBase"]
[SourceDate "2010.11.25"]
[SourceVersion "1"]
[SourceVersionDate "2010.11.25"]
[SourceQuality "1"]
[WhiteTeam "Bratislava Doprastav III"]
[BlackTeam "Dunajska Streda SK II"]
[WhiteTeamCountry "SVK"]
[BlackTeamCountry "SVK"]

1. c4 Nf6 2. Nc3 e5 3. g3 Bb4 4. Bg2 0-0 5. Qc2 Nc6 6. e3 Bxc3 7. Qxc3 d5 8. d3 d4 9. Qd2 dxe3 10. fxe3 Bf5 11. Bxc6 bxc6 12. Nf3 Bxd3 13. Nxe5 Be4 14. 0-0 Re8 15. Qc3 Qe7 16. Nf3 Rad8 17. Nd4 Qd7 18. b3 Qh3 19. Nf3 Bxf3 0-1

[Event "SVK-chT2A 0809"]
[Site "Slovakia"]
[Date "2009.01.31"]
[Round "8.6"]
[White "Curidlo, Jan"]
[Black "Bebiak, Jozef"]
[Result "0-1"]
[WhiteElo "1979"]
[BlackElo "2101"]
[PlyCount "61"]
[EventDate "2008.10.11"]
[EventType "team-tourn"]
[EventRounds "11"]
[EventCountry "SVK"]
[SourceTitle "EXT 2010"]
[Source "ChessBase"]
[SourceDate "2010.11.25"]
[SourceVersion "1"]
[SourceVersionDate "2010.11.25"]
[SourceQuality "1"]
[WhiteTeam "Piestany Kupele"]
[BlackTeam "Dunajska Streda SK II"]
[WhiteTeamCountry "SVK"]
[BlackTeamCountry "SVK"]

1. e4 c5 2. Nf3 a6 3. d4 cxd4 4. Nxd4 Nf6 5. Nc3 e5 6. Nb3 Bb4 7. Bd3 d5 8. 0-0 Bxc3 9. bxc3 dxe4 10. Be2 0-0 11. h3 Qc7 12. Bb2 b6 13. Qd2 Bb7 14. Rfd1 Nc6 15. c4 Rfd8 16. Qe1 a5 17. Rxd8+ Rxd8 18. c3 Ne7 19. Bc1 a4 20. Nd2 Ng6 21. Nf1 Nf4 22. Ne3 Nd3 23. Qf1 Ba6 24. Rb1 Bxc4 25. Nxc4 Qxc4 26. Rxb6 Qxc3 27. Bg5 Rc8 28. Rd6 Qb4 29. Ra6 h6 30. Be3 Qc4 31. Qb1 0-1

[Event "SVK-chT2A 0708"]
[Site "Slovakia"]
[Date "2008.03.09"]
[Round "11.4"]
[White "Rovnak, Peter"]
[Black "Bebiak, Jozef"]
[Result "0-1"]
[WhiteElo "2117"]
[BlackElo "2152"]
[PlyCount "70"]
[EventDate "2007.10.06"]
[EventType "team-tourn"]
[EventRounds "11"]
[EventCountry "SVK"]
[SourceTitle "EXT 2010"]
[Source "ChessBase"]
[SourceDate "2010.11.25"]
[SourceVersion "1"]
[SourceVersionDate "2010.11.25"]
[SourceQuality "1"]
[WhiteTeam "Bratislava Doprastav II"]
[BlackTeam "Dunajska Streda SK II"]
[WhiteTeamCountry "SVK"]
[BlackTeamCountry "SVK"]

1. e4 c5 2. Nf3 d6 3. d4 cxd4 4. Nxd4 Nf6 5. Nc3 a6 6. Bg5 e6 7. Qd2 Be7 8. 0-0-0 Nbd7 9. f3 0-0 10. g4 d5 11. exd5 Nxd5 12. Bxe7 Nxe7 13. f4 Qc7 14. Bg2 Rb8 15. Rdf1 b5 16. Ne4 e5 17. Nf5 Nxf5 18. gxf5 f6 19. Nd6 Kh8 20. h4 exf4 21. Rxf4 Ne5 22. Rd1 a5 23. Kb1 b4 24. Rd4 Ba6 25. Be4 h6 26. Qg2 Rbd8 27. Bf3 a4 28. Bh5 b3 29. cxb3 axb3 30. Rg1 Bd3+ 31. Ka1 Rxd6 32. Rxd6 Rc8 33. Qd2 Qxd6 34. a3 Ra8 35. Qc1 Qd4 0-1

[Event "CZE-chT2a 0607"]
[Site "Czech Republic"]
[Date "2007.02.25"]
[Round "8.2"]
[White "Pokrupa, Marek"]
[Black "Bebiak, Jozef"]
[Result "1-0"]
[WhiteElo "2176"]
[BlackElo "2145"]
[PlyCount "103"]
[EventDate "2006.10.15"]
[EventType "team"]
[EventRounds "11"]
[EventCountry "CZE"]
[SourceTitle "EXT 2009"]
[Source "ChessBase"]
[SourceDate "2008.11.26"]
[SourceVersion "1"]
[SourceVersionDate "2008.11.26"]
[SourceQuality "1"]
[WhiteTeam "Plzen Letna"]
[BlackTeam "Praha Praga II"]
[WhiteTeamCountry "CZE"]
[BlackTeamCountry "CZE"]

1. Nf3 Nf6 2. c4 c5 3. g3 g6 4. b3 Bg7 5. Bb2 0-0 6. Bg2 d6 7. 0-0 Nc6 8. Nc3 a6 9. d4 Bf5 10. dxc5 dxc5 11. Qxd8 Raxd8 12. Na4 Nd7 13. Bxg7 Kxg7 14. Nh4 Be6 15. Bxc6 bxc6 16. Rfd1 a5 17. Ng2 g5 18. Ne1 Ne5 19. Nxc5 Bf5 20. Nf3 Nxf3+ 21. exf3 h5 22. Kf1 Bh3+ 23. Ke2 g4 24. Rxd8 Rxd8 25. fxg4 Bxg4+ 26. f3 Bc8 27. Rd1 Rh8 28. h4 f6 29. Ke3 Kf7 30. Rd2 Rg8 31. Ne4 Bf5 32. Kf4 Bxe4 33. fxe4 Ke6 34. Rd3 Rg4+ 35. Kf3 Ke5 36. Rd7 e6 37. Re7 a4 38. bxa4 f5 39. exf5 Kxf5 40. Rf7+ Ke5 41. Rf4 Rg7 42. Re4+ Kf5 43. Rf4+ Ke5 44. g4 hxg4+ 45. Rxg4 Ra7 46. Re4+ Kf5 47. c5 e5 48. Rc4 Ra8 49. h5 Rh8 50. Rh4 e4+ 51. Ke3 Ke5 52. h6 1-0

[Event "CZE-chT2a 0607"]
[Site "Czech Republic"]
[Date "2007.01.14"]
[Round "6.1"]
[White "Novak, Michal"]
[Black "Bebiak, Jozef"]
[Result "1/2-1/2"]
[WhiteElo "2163"]
[BlackElo "2145"]
[PlyCount "83"]
[EventDate "2006.10.15"]
[EventType "team"]
[EventRounds "11"]
[EventCountry "CZE"]
[SourceTitle "EXT 2009"]
[Source "ChessBase"]
[SourceDate "2008.11.26"]
[SourceVersion "1"]
[SourceVersionDate "2008.11.26"]
[SourceQuality "1"]
[WhiteTeam "Plzen IC"]
[BlackTeam "Praha Praga II"]
[WhiteTeamCountry "CZE"]
[BlackTeamCountry "CZE"]

1. d4 Nf6 2. Bf4 d5 3. Nf3 Nc6 4. e3 Bg4 5. Be2 e6 6. Nbd2 Bd6 7. Bxd6 cxd6 8. c4 0-0 9. 0-0 Rc8 10. h3 Bh5 11. cxd5 Nxd5 12. Rc1 a6 13. Qa4 Bg6 14. a3 Qd7 15. b4 Ra8 16. Qb3 b5 17. Nh4 Rfc8 18. Nxg6 hxg6 19. Bf3 Nb6 20. d5 Ne5 21. Be4 exd5 22. Bxd5 Rxc1 23. Rxc1 Rc8 24. Rxc8+ Qxc8 25. Ne4 Qc1+ 26. Kh2 Nec4 27. Bb7 d5 28. Ng3 Qxa3 29. Qxa3 Nxa3 30. Bxa6 Na8 31. Ne2 Nc7 32. Bc8 Nc2 33. Nc3 Nxb4 34. Bd7 Nd3 35. Nxb5 Nxb5 36. Bxb5 Nxf2 37. Bc6 Nd1 38. Bxd5 Nxe3 39. Bf3 f5 40. Kg3 g5 41. h4 gxh4+ 42. Kxh4 1/2-1/2

[Event "SVK-chT 0405"]
[Site "Slovakia"]
[Date "2005.01.30"]
[Round "7"]
[White "Bebiak, Jozef"]
[Black "Harasta, Vladimir"]
[Result "0-1"]
[WhiteElo "2122"]
[BlackElo "2155"]
[PlyCount "102"]
[EventDate "2004.11.13"]
[EventType "team-tourn"]
[EventRounds "11"]
[EventCountry "SVK"]
[SourceTitle "EXT 2019"]
[Source "ChessBase"]
[SourceDate "2018.10.10"]
[SourceVersion "1"]
[SourceVersionDate "2018.10.10"]
[SourceQuality "1"]
[WhiteTeam "Dunajska Streda"]
[BlackTeam "Bratislava Slovan II"]
[WhiteTeamCountry "SVK"]
[BlackTeamCountry "SVK"]

1. e4 e5 2. Nf3 Nc6 3. d4 exd4 4. Bc4 Nf6 5. 0-0 Nxe4 6. Re1 d5 7. Bxd5 Qxd5 8. Nc3 Qa5 9. Nxe4 Be6 10. Neg5 0-0-0 11. Nxe6 fxe6 12. Ng5 Bb4 13. Rxe6 Qf5 14. Qd3 Qxd3 15. cxd3 Rhe8 16. Bf4 h6 17. Rxe8 Rxe8 18. Ne4 Kd7 19. Bg3 Bd6 20. Rd1 Bxg3 21. hxg3 b6 22. a3 Ne5 23. b4 Nxd3 24. Rxd3 Rxe4 25. f3 Re3 26. Rxd4+ Ke6 27. Rc4 Kd6 28. b5 Re5 29. Rc6+ Kd7 30. a4 a6 31. Rg6 axb5 32. Rxg7+ Kc6 33. f4 Re8 34. axb5+ Kxb5 35. Rxc7 Ka5 36. Ra7+ Kb4 37. Kf2 Kc4 38. Rc7+ Kd5 39. Kf3 b5 40. f5 Rb8 41. Kf4 b4 42. Rc1 b3 43. Rb1 Rb4+ 44. Kf3 h5 45. Ke2 Ke5 46. Kd2 b2 47. Kc2 Kxf5 48. Rf1+ Kg4 49. Kb1 Kxg3 50. Rf5 h4 51. Rg5+ Rg4 0-1

[Event "SVK-chT1W 0506"]
[Site "Slovakia"]
[Date "2005.??.??"]
[Round "?"]
[White "Bebiak, Jozef"]
[Black "Rohacek, Miroslav"]
[Result "1/2-1/2"]
[WhiteElo "2160"]
[BlackElo "2230"]
[PlyCount "132"]
[EventDate "2005.10.15"]
[EventType "team-tourn"]
[EventRounds "11"]
[EventCountry "SVK"]
[SourceTitle "EXT 2008"]
[Source "ChessBase"]
[SourceDate "2007.11.25"]
[SourceVersion "1"]
[SourceVersionDate "2007.11.25"]
[SourceQuality "1"]

1. e4 a6 2. Nf3 d6 3. d4 Nd7 4. e5 e6 5. Bd3 dxe5 6. dxe5 Nc5 7. 0-0 Nxd3 8. cxd3 c5 9. Nc3 Bd7 10. Be3 Rc8 11. Rc1 Bc6 12. Na4 Qa5 13. Nxc5 Qxa2 14. b3 Ne7 15. Ra1 Qb2 16. Nd4 Nd5 17. Nxc6 Nxe3 18. fxe3 Bxc5 19. Rb1 Qa3 20. Nd4 Bxd4 21. exd4 0-0 22. Qf3 Qe7 23. Rbc1 Qd7 24. d5 Rxc1 25. Rxc1 exd5 26. Rc5 Rd8 27. d4 b6 28. Rc1 a5 29. Qc3 a4 30. Qc7 Qxc7 31. Rxc7 axb3 32. Rb7 Rc8 33. Rxb6 Rc1+ 34. Kf2 Rc2+ 35. Kf1 f6 36. Rxb3 fxe5 37. dxe5 Rc7 38. Rd3 Rd7 39. Kf2 Kf7 40. Ke3 Ke6 41. Kd4 Rc7 42. Rh3 Rc4+ 43. Kd3 h6 44. Rg3 g5 45. Rh3 Kxe5 46. Rxh6 Ra4 47. Rc6 Rd4+ 48. Ke3 Rd1 49. Rg6 Kf5 50. Rd6 Kg4 51. Ke2 Rd4 52. Ke3 Re4+ 53. Kd2 Re5 54. Ra6 Kf5 55. Ra4 Re8 56. Kd3 Re1 57. Ra2 Rd1+ 58. Ke3 d4+ 59. Ke2 Rh1 60. Kd3 Kg4 61. h3+ Kf4 62. Kxd4 Rd1+ 63. Kc4 Kg3 64. Ra5 Kh4 65. g3+ Kxg3 66. Rxg5+ Kxh3 1/2-1/2

[Event "SVK-chT 0405"]
[Site "Slovakia"]
[Date "2004.11.14"]
[Round "2"]
[White "Kolesar, Milan"]
[Black "Bebiak, Jozef"]
[Result "1-0"]
[WhiteElo "2228"]
[BlackElo "2122"]
[PlyCount "95"]
[EventDate "2004.11.13"]
[EventType "team-tourn"]
[EventRounds "11"]
[EventCountry "SVK"]
[SourceTitle "EXT 2019"]
[Source "ChessBase"]
[SourceDate "2018.10.10"]
[SourceVersion "1"]
[SourceVersionDate "2018.10.10"]
[SourceQuality "1"]
[WhiteTeam "Nove Zamky Basta"]
[BlackTeam "Dunajska Streda"]
[WhiteTeamCountry "SVK"]
[BlackTeamCountry "SVK"]

1. Nf3 d6 2. d4 f5 3. g3 g6 4. Bg2 Bg7 5. 0-0 Nf6 6. c4 c6 7. Nc3 0-0 8. d5 e5 9. dxe6 Bxe6 10. b3 Na6 11. Be3 Ng4 12. Bd4 Ne5 13. Qd2 Qe7 14. Rad1 Nc5 15. Qe3 Ncd7 16. Na4 c5 17. Bb2 Rae8 18. Qd2 Nf7 19. Bxg7 Kxg7 20. e3 Nf6 21. Nc3 a6 22. Ne1 Rd8 23. Nd3 d5 24. cxd5 Nxd5 25. Nxd5 Bxd5 26. Qc3+ Qf6 27. Qxf6+ Kxf6 28. Nxc5 Bxg2 29. Kxg2 Rxd1 30. Rxd1 Rc8 31. Nxb7 Rc2 32. a4 Ne5 33. h3 Ke6 34. b4 Nc4 35. Nc5+ Ke5 36. Kg1 Nd2 37. Nd3+ Ke4 38. Ne1 Rb2 39. Kg2 g5 40. b5 axb5 41. axb5 g4 42. b6 gxh3+ 43. Kxh3 Nf3 44. Nd3 Rb5 45. Kg2 Ng5 46. b7 Ne6 47. Nf4 Nxf4+ 48. gxf4 1-0

[Event "Szombathely op"]
[Site "Szombathely"]
[Date "2004.07.22"]
[Round "5"]
[White "Bebiak, Jozef"]
[Black "Horvath, Orsolya"]
[Result "1-0"]
[WhiteElo "2115"]
[BlackElo "1921"]
[PlyCount "71"]
[EventDate "2004.07.19"]
[EventType "swiss"]
[EventRounds "9"]
[EventCountry "HUN"]
[SourceTitle "EXT 2008"]
[Source "ChessBase"]
[SourceDate "2007.11.25"]
[SourceVersion "1"]
[SourceVersionDate "2007.11.25"]
[SourceQuality "1"]

1. e4 c5 2. c3 d5 3. exd5 Qxd5 4. d4 Nc6 5. Nf3 e6 6. Be2 Nf6 7. Be3 cxd4 8. cxd4 Bb4+ 9. Nbd2 0-0 10. 0-0 b6 11. Nc4 Bb7 12. Bg5 Be7 13. Ne3 Qd6 14. Qa4 Rfd8 15. Rfd1 Qb4 16. Bb5 Qxa4 17. Bxa4 Nb4 18. Ne5 Rac8 19. a3 Nbd5 20. Rac1 Ne4 21. Bxe7 Nxe7 22. Bd7 Rb8 23. Rc7 Ng5 24. h4 Ne4 25. Bxe6 fxe6 26. Rxe7 Re8 27. Rc7 Nf6 28. Rdc1 Red8 29. Re7 Rdc8 30. Rxc8+ Bxc8 31. Rxa7 Bb7 32. g4 Bd5 33. g5 Ne4 34. Nxd5 exd5 35. Rd7 Rf8 36. f3 1-0

[Event "Glorney Cup"]
[Site "Rosice u Brna"]
[Date "2003.07.15"]
[Round "2"]
[White "Dignam, Matthew"]
[Black "Bebiak, Jozef"]
[Result "1-0"]
[WhiteElo "2124"]
[BlackElo "2101"]
[PlyCount "75"]
[EventDate "2003.07.14"]
[EventType "team"]
[EventRounds "5"]
[EventCountry "CZE"]
[SourceTitle "EXT 2006"]
[Source "ChessBase"]
[SourceDate "2005.11.24"]
[SourceVersion "1"]
[SourceVersionDate "2005.11.24"]
[SourceQuality "1"]
[WhiteTeam "Ireland"]
[BlackTeam "Slovakia"]
[WhiteTeamCountry "IRL"]
[BlackTeamCountry "SVK"]

1. d4 Nf6 2. c4 e6 3. Nc3 c5 4. d5 exd5 5. cxd5 d6 6. e4 g6 7. Bd3 Bg7 8. Nge2 Nbd7 9. Bf4 Ne5 10. Bxe5 dxe5 11. 0-0 0-0 12. a4 Ne8 13. Qb3 Nd6 14. Rac1 f5 15. exf5 Nxf5 16. Ne4 b6 17. Bc4 Bb7 18. Nxc5 bxc5 19. Qxb7 Nd6 20. Qb3 Rb8 21. Qe3 Rxb2 22. Qxc5 Qd7 23. Ng3 Rc8 24. Qa3 Nxc4 25. Rxc4 Rxc4 26. Qxb2 Qxd5 27. Qb8+ Bf8 28. Qxa7 Qd4 29. Qa6 Rxa4 30. Qe6+ Kg7 31. h3 Bc5 32. Kh2 Rb4 33. Re1 Qxf2 34. Rf1 Qb2 35. Rf7+ Kh6 36. Nf5+ Kh5 37. Qf6 Bg1+ 38. Kh1 1-0

[Event "SVK-chT1W 0304"]
[Site "Slovakia"]
[Date "2003.??.??"]
[Round "4"]
[White "Federic, Jozef"]
[Black "Bebiak, Jozef"]
[Result "1/2-1/2"]
[WhiteElo "2020"]
[BlackElo "2120"]
[PlyCount "78"]
[EventDate "2003.10.??"]
[EventType "team"]
[EventRounds "9"]
[EventCountry "SVK"]
[SourceTitle "EXT 2005"]
[Source "ChessBase"]
[SourceDate "2004.11.15"]
[SourceVersion "1"]
[SourceVersionDate "2004.11.15"]
[SourceQuality "1"]

1. d4 Nf6 2. c4 e6 3. g3 c5 4. d5 exd5 5. cxd5 d6 6. Nc3 g6 7. Bg2 Bg7 8. Nf3 0-0 9. 0-0 a6 10. a4 Nbd7 11. Bf4 Qe7 12. Re1 Ng4 13. e4 Nde5 14. Bxe5 Nxe5 15. Nxe5 Qxe5 16. Qd2 Bd7 17. a5 Rfe8 18. Ra3 Rab8 19. Rb3 f5 20. Re2 Qd4 21. Rb6 Be5 22. Qe1 c4 23. exf5 Bxf5 24. Kh1 Kf8 25. f4 Bg7 26. Rxb7 Rxb7 27. Rxe8+ Kf7 28. h3 Bf6 29. Re2 Bd3 30. Rd2 Re7 31. Qg1 Qxg1+ 32. Kxg1 Bd4+ 33. Kh2 Re1 34. Bf3 Rf1 35. Bd1 Bg1+ 36. Kg2 Be3 37. Rxd3 Rf2+ 38. Kh1 cxd3 39. b4 Bd4 1/2-1/2

[Event "SVK-chT1W 0304"]
[Site "Slovakia"]
[Date "2003.??.??"]
[Round "6"]
[White "Sorsak, Jozef Sr"]
[Black "Bebiak, Jozef"]
[Result "1-0"]
[WhiteElo "2065"]
[BlackElo "2120"]
[PlyCount "61"]
[EventDate "2003.10.??"]
[EventType "team"]
[EventRounds "9"]
[EventCountry "SVK"]
[SourceTitle "EXT 2005"]
[Source "ChessBase"]
[SourceDate "2004.11.15"]
[SourceVersion "1"]
[SourceVersionDate "2004.11.15"]
[SourceQuality "1"]

1. d4 Nf6 2. c4 e6 3. Nc3 c5 4. d5 exd5 5. cxd5 d6 6. e4 g6 7. f4 Bg7 8. Bb5+ Bd7 9. e5 dxe5 10. fxe5 Nh5 11. Nf3 0-0 12. 0-0 Bg4 13. Qe1 Qe7 14. Bg5 f6 15. Bc4 Kh8 16. d6 Qd8 17. e6 Qxd6 18. Rd1 Qe7 19. Bc1 f5 20. Bg5 Bf6 21. Nd5 Qg7 22. e7 Re8 23. Nxf6 Nxf6 24. Rd8 Nbd7 25. Rxa8 Rxa8 26. Ne5 Nxe5 27. Qxe5 Ne8 28. Qxc5 b6 29. Qd5 Rb8 30. h3 h6 31. Bxh6 1-0

[Event "SVK-chB op"]
[Site "Kaskady"]
[Date "2002.07.04"]
[Round "6.21"]
[White "Sulek, Viliam"]
[Black "Bebiak, Jozef"]
[Result "1-0"]
[WhiteElo "2160"]
[BlackElo "2105"]
[PlyCount "77"]
[EventDate "2002.06.29"]
[EventType "swiss"]
[EventRounds "9"]
[EventCountry "SVK"]
[SourceTitle "CBM 089 Extra"]
[Source "ChessBase"]
[SourceDate "2002.09.10"]
[SourceVersion "2"]
[SourceVersionDate "2002.09.10"]
[SourceQuality "1"]

1. e4 c5 2. Nf3 a6 3. d4 cxd4 4. Nxd4 Nf6 5. Nc3 e5 6. Nde2 Bb4 7. Bg5 Qb6 8. Be3 Qc6 9. f3 d5 10. exd5 Nxd5 11. Bd2 Nxc3 12. Bxc3 Bxc3+ 13. Nxc3 0-0 14. Bd3 Be6 15. Qe2 Nd7 16. Qe4 Qxe4+ 17. Bxe4 Nc5 18. 0-0-0 Nxe4 19. fxe4 Rac8 20. Nd5 Rfe8 21. Rhf1 Rc5 22. Ne7+ Kf8 23. Nf5 Rec8 24. c3 g6 25. Ne3 Bxa2 26. Rd7 R5c7 27. Rd6 Bb3 28. Rb6 Ba2 29. Kc2 Ke8 30. Ng4 Bc4 31. Rf2 Re7 32. Nf6+ Kf8 33. Nxh7+ Kg7 34. Ng5 Bb5 35. Rbf6 Rf8 36. h4 Bd7 37. Kb3 Bf5 38. exf5 Kxf6 39. Ne4+ 1-0

[Event "SVK-ch U18"]
[Site "Bratislava"]
[Date "2002.02.26"]
[Round "4.2"]
[White "Bebiak, Jozef"]
[Black "Macak, Stefan"]
[Result "0-1"]
[WhiteElo "2120"]
[BlackElo "2258"]
[PlyCount "82"]
[EventDate "2002.02.24"]
[EventType "swiss"]
[EventRounds "9"]
[EventCountry "SVK"]
[SourceTitle "EXT 2004"]
[Source "ChessBase"]
[SourceDate "2003.11.25"]
[SourceVersion "1"]
[SourceVersionDate "2003.11.25"]
[SourceQuality "1"]

1. d4 Nf6 2. c4 g6 3. Nc3 Bg7 4. e4 d6 5. f3 0-0 6. Be3 e5 7. d5 Nh5 8. g4 Nf4 9. Nge2 f5 10. gxf5 gxf5 11. Qd2 fxe4 12. fxe4 Qh4+ 13. Kd1 Bg4 14. Kc2 Bf3 15. Rg1 Nd7 16. Ng3 Bg4 17. h3 Nxh3 18. Bxh3 Qxh3 19. Nce2 Bf3 20. Nc3 a6 21. Raf1 Rf7 22. Kc1 Kh8 23. Rf2 Nb6 24. b3 Raf8 25. Rh2 Qd7 26. Nf5 Rxf5 27. exf5 Rxf5 28. Bh6 Bf6 29. Ne2 Rh5 30. Rxh5 Bxh5 31. Ng3 Bg6 32. Qf2 Qf7 33. Rf1 Nd7 34. Qe3 Qe7 35. Nf5 Qd8 36. Qg3 Nc5 37. Nh4 Bf7 38. Rg1 Qg8 39. Qf2 Nd3+ 40. Kd2 Nxf2 41. Rxg8+ Kxg8 0-1

[Event "SVK-chT1W 0102"]
[Site "Slovakia"]
[Date "2002.??.??"]
[Round "9"]
[White "Bebiak, Jozef"]
[Black "Kaniansky, Miroslav"]
[Result "1-0"]
[WhiteElo "2085"]
[BlackElo "2190"]
[PlyCount "93"]
[EventDate "2001.10.??"]
[EventType "team"]
[EventRounds "11"]
[EventCountry "SVK"]
[SourceTitle "EXT 2009"]
[Source "ChessBase"]
[SourceDate "2008.11.26"]
[SourceVersion "1"]
[SourceVersionDate "2008.11.26"]
[SourceQuality "1"]

1. e4 e6 2. d4 d5 3. Nd2 c5 4. c3 Nc6 5. exd5 Qxd5 6. dxc5 Bxc5 7. Ngf3 Nf6 8. Bc4 Qh5 9. Qe2 0-0 10. Ne4 Nxe4 11. Qxe4 e5 12. Bd2 Bf5 13. Qe2 e4 14. Nd4 Bg4 15. Qe3 Rad8 16. 0-0 Nxd4 17. cxd4 Bxd4 18. Qb3 Bf3 19. Bf4 Be2 20. Bxe2 Qxe2 21. Qxb7 Qxb2 22. Qxb2 Bxb2 23. Rab1 Bd4 24. Rb7 f5 25. Be3 a6 26. Bxd4 Rxd4 27. h3 Rfd8 28. Ra7 R8d6 29. Kh2 h5 30. Rc1 Rd2 31. Rcc7 Rg6 32. Ra8+ Kh7 33. Rcc8 Rf6 34. Kg3 f4+ 35. Kh4 Kg6 36. Rc5 Rxf2 37. Rg5+ Kh7 38. Ra7 Rg6 39. Rxh5+ Rh6 40. Rxh6+ Kxh6 41. Rxa6+ g6 42. Kg4 e3 43. Re6 e2 44. h4 Rxg2+ 45. Kxf4 Kh5 46. Re8 Rf2+ 47. Kg3 1-0